| 000 | 00468nam a22001697a 4500 | ||
|---|---|---|---|
| 003 | MACL | ||
| 005 | 20160730114112.0 | ||
| 008 | 160730b xxu||||| |||| 00| 0 eng d | ||
| 040 | _cMACL | ||
| 041 | _aEnglish | ||
| 082 | _a825 GOC | ||
| 100 |
_aGocknami, Abdul Jabbar _965723 |
||
| 245 |
_aPersonality Behind Oration _bSheikh Mohammad Abdullah _cAbdul Jabbar Gockhami |
||
| 260 |
_aKashmir _bGulshan Books _c2008 |
||
| 650 |
_aSpeeches _965724 |
||
| 942 |
_2ddc _cBK |
||
| 999 |
_c55295 _d55295 |
||